|
|
|
|
| LEADER |
00930nam a2200229 a 4500 |
| 001 |
00026356 |
| 008 |
121223s2011 ii b 000 1 eng d |
| 020 |
|
|
|a 9788125041023 (pbk.)
|
| 040 |
|
|
|a BD-DhAAL
|c BD-DhAAL.
|
| 082 |
0 |
0 |
|a 428.6
|2 22
|
| 100 |
1 |
|
|a Austen, Jane.
|
| 245 |
1 |
0 |
|a Emma /
|c Jane Austen ;edited by Sunita Mishra.
|
| 260 |
|
|
|a Hyderabad :
|b The English Foreign Languages University ;
|b Orient BlackSwan,
|c 2011.
|
| 300 |
|
|
|a 432 p. ;
|c 21 cm.
|
| 490 |
1 |
|
|a Critical Editions.
|
| 541 |
|
|
|e 00026356
|
| 650 |
0 |
|
|a Readers for new literates.
|
| 650 |
0 |
|
|a High interest-low vocabulary books.
|
| 700 |
1 |
|
|a Mishra, Sunita.
|
| 852 |
1 |
|
|a Ayesha Abed Library
|j General Shelf.
|
| 999 |
|
|
|c 13011
|d 13011
|
| 952 |
|
|
|0 0
|1 0
|2 ddc
|4 0
|6 428_600000000000000_AUS
|7 0
|9 21549
|a BRACUL
|b BRACUL
|c GEN
|d 2012-12-24
|e ENH.
|l 2
|m 1
|o 428.6 AUS
|p 3010026356
|r 2024-05-05
|s 2024-01-02
|t 1
|w 0000-00-00
|y BK
|x Transferred from ENH to Ayesha Abed library on 20/12/2023
|